Roller Coasters with the Most Inversions - Statistics

General Stats
  • This quiz has been taken 20 times
  • The average score is 12 of 27
Answer Stats
# Roller Coaster Park Country % Correct
14 The Smiler Alton Towers United Kingdom
88%
7 Kraken SeaWorld Orlando United States
76%
7 AlpenFury Canada's Wonderland Canada
71%
7 Banshee Kings Island United States
59%
10 Colossus Thorpe Park United Kingdom
59%
7 Incredible Hulk Universal Studios Islands of Adventure United States
59%
7 Kumba Busch Gardens Tampa Bay United States
59%
7 Medusa Six Flags Discovery Kingdom United States
59%
7 Medusa Six Flags Great Adventure United States
59%
7 Montu Busch Gardens Tampa Bay United States
59%
8 Dragon Khan PortAventura Park Spain
53%
7 Helix Liseberg Sweden
53%
7 Voltron Nevera Europa-Park Germany
53%
8 Steel Curtain Kennywood United States
47%
7 TMNT Shellraiser Nickelodeon Universe United States
47%
10 Sik Flamingo Land United Kingdom
41%
7 Hydra the Revenge Dorney Park & Wildwater Kingdom United States
35%
7 Scream! Six Flags Magic Mountain United States
35%
7 Viper Six Flags Magic Mountain United States
35%
7 Decepticoaster Universal Studios Beijing China
29%
7 Goudurix Parc Astérix France
29%
7 Superman: La Atracción de Acero Parque Warner Madrid Spain
29%
7 Takabisha Fuji-Q Highland Japan
29%
10 Altair Cinecittà World Italy
18%
8 Avalancha Xetulul Guatemala
6%
10 Crazy Coaster Locajoy Holiday China
6%
10 Velikolukskiy Myasokombinat-2 Wonder Island Russia
0%
No matching quizzes found
Score Distribution
Percent of People with Each Score
Percentile by Number Answered
Your Score History
You have not taken this quiz